000 00403nam a22001697a 4500
999 _c10701
_d10701
003 OSt
008 210707b ||||| |||| 00| 0 eng d
020 _a9780070669253
082 _a519.23 VEP
100 _aVEERARAJAN,T
245 _aProbability, Statistics and Random Processes
250 _a3rd
260 _aNew Delhi
_bTMH
_c2019
300 _a595
650 _aApplied Sc
942 _2ddc
_cBK
_015